Statistiques concernant Jeux Mario

Cliquez ici pour prendre le quiz!

Statistiques générales

  • Ce quiz a été pris 62 fois
  • Le résultat moyen est 30 sur 167

Statistiques - réponses

PlateformesAnnéeRéponse% Correct
NES1985Super Mario Bros.
82%
Wii U2014Mario Kart 8
68%
Arcade, NES
Atari 2600, Commodore 64
ZX Spectrum
1983
1984
1987
Mario Bros.
64%
Game and Watch1983Mario Bros.
64%
Nintendo DS2006New Super Mario Bros.
64%
Nintendo 641998Mario Party
61%
Nintendo 641996Super Mario 64
61%
Famicom Disk System1986Super Mario Bros. The lost level
61%
Wii2007Super Mario Galaxy
61%
Wii2010Super Mario Galaxy 2
61%
Nintendo 3DS2011Mario Kart 7
57%
Famicom
Game Boy Advance
1988
2001
Super Mario Bros. 2
57%
Nintendo Switch2017Super Mario Odyssey
57%
GameCube2002Super Mario Sunshine
57%
Wii2008Mario Kart Wii
54%
GameCube2005Mario Party 7
52%
Arcade
Game and Watch
1981
1982
Donkey Kong
50%
Game Boy1994Donkey Kong
50%
Nintendo 641999Mario Party 2
50%
Nintendo 642000Mario Party 3
50%
GameCube2002Mario Party 4
50%
GameCube2003Mario Party 5
50%
GameCube2004Mario Party 6
50%
Wii2007Mario Party 8
50%
Wii2012Mario Party 9
50%
Famicom
Game Boy Advance
1988
2003
Super Mario Bros. 3
50%
GameCube2003Mario Kart: Double Dash!!
46%
Wii U2015Mario Party 10
46%
Nintendo DS2005Mario Kart DS
43%
Wii U2013Super Mario 3D World
43%
Nintendo 641997Mario Kart 64
41%
Nintendo 64, Game Boy Color2000Mario Tennis
41%
Wii2009New Super Mario Bros. Wii
41%
Nintendo 642001Paper Mario
41%
Wii U2012New Super Mario Bros. U
39%
Nintendo 3DS2011Super Mario 3D Land
39%
Super Nintendo1992Super Mario Kart
38%
iOS, Android2019Mario Kart Tour
36%
Nintendo Switch2023Super Mario Bros. Wonder
36%
IPhone, IPad, Android2016Super Mario Run
36%
Nintendo Switch2018Super Mario Party
34%
Nintendo 64, Game Boy Color1999Mario Golf
30%
Wii U2015Super Mario Maker
30%
Game Boy1989Super Mario Land
29%
Super Famicom
Super Nintendo
Game Boy Advance
1990
1991/92
2001/02
Super Mario World
27%
Nintendo 641999Super Smash Bros.
27%
Nintendo 3DS, Wii U2014Super Smash Bros.
27%
Nintendo 3DS2012New Super Mario Bros. 2
23%
Nintendo Switch2019Super Mario Maker 2
23%
Super Nintendo1996Super Mario RPG
Legend of the Seven Stars
23%
Famicom, Game Boy1990Dr. Mario
21%
Nintendo DS2009Mario et Luigi : Voyage au centre de Bowser
21%
Game Boy1992Super Mario Land 2
21%
Wii2009Mario et Sonic aux Jeux olympiques d'hiver
20%
Nintendo DS2009Mario et Sonic aux Jeux olympiques d'hiver
20%
Nintendo Switch2018Mario Tennis Aces
20%
Nintendo Switch2018Super Smash Bros. Ultimate
20%
Nintendo DS2005Mario et Luigi : Les Frères du temps
18%
Game Boy Advance2001Mario Kart Super Circuit
18%
Nintendo Switch2021Mario Party Superstars
18%
Wii2008Super Smash Bros. Brawl
18%
GameCube2001Super Smash Bros. Melee
18%
Nintendo DS2007Mario Party DS
16%
Wii2011Mario Sports Mix
16%
Game Boy Advance2004Mario vs. Donkey Kong
16%
Arcade1982Donkey Kong Jr.
14%
Nintendo 3DS2013Mario Party: Island Tour
14%
Wii U2016Paper Mario: Color Splash
14%
Nintendo Switch2020Paper Mario: The Origami King
14%
Nintendo 3DS2012Mario et Sonic aux Jeux olympiques de Londres 2012
13%
Wii2011Mario et Sonic aux Jeux olympiques de Londres 2012
13%
Wii2007Mario Strikers Charged Football
13%
Nintendo 3DS2013Mario & Luigi: Dream Team Bros.
11%
Game Boy Advance2003Mario and Luigi: Superstar Saga
11%
Nintendo 3DS2012Mario Tennis Open
11%
Wii2007Super Paper Mario
11%
Nintendo 3DS, Wii U2016Mario et Sonic aux Jeux olympiques de Rio 2016
9%
GameCube2004Mario Power Tennis
9%
Nintendo Switch2022Mario Strikers: Battle League Football
9%
Wii U2015Mario Tennis: Ultra Smash
9%
GameCube2004Paper Mario : La Porte millénaire
9%
Nintendo 3DS2012Paper Mario: Sticker Star
9%
Nintendo 3DS2015Mario & Luigi: Paper Jam Bros.
7%
Super Nintendo1992Mario Paint
7%
Nintendo 3DS2017Mario Party: The Top 100
7%
Nintendo DS2006Mario Slam Basketball
7%
Nintendo Switch2017Mario + The Lapins Crétins: Kingdom Battle
7%
Wii2007Mario & Sonic aux Jeux olympiques
5%
Nintendo DS2008Mario & Sonic aux Jeux olympiques
5%
Nintendo Switch2019Mario et Sonic aux Jeux olympiques de Tokyo 2020
5%
Wii U2013Mario et Sonic aux Jeux olympiques d'hiver de Sotchi 2014
5%
Nintendo 3DS2014Mario Golf: World Tour
5%
Nintendo 3DS2016Mario Party: Star Rush
5%
GameCube2005Mario Smash Football
5%
Game Boy Advance2001Super Mario Advance
5%
Game Boy Advance2004Super Mario Ball
5%
VS. System, NES1984Golf
4%
CD-i1994Hotel Mario
4%
Famicom, Game Boy1991Mario & Yoshi
4%
Nintendo Switch2021Mario Golf: Super Rush
4%
GameCube2003Mario Golf: Toadstool Tour
4%
Arcade2005Mario Kart Arcade GP
4%
Game Boy Advance2005Mario Party Advance
4%
Nintendo 3DS2017Mario Sports Superstars
4%
Virtual Boy1995Mario's Tennis
4%
GameCube2005Mario Superstar Baseball
4%
Game Boy Advance2005Mario Tennis: Power Tour
4%
Nintendo Switch2022Mario + The Lapins Crétins: Sparks of Hope
4%
Super Nintendo
Game Boy Advance
1995
2002
Super Mario World 2
Yoshi's Island
4%
VS. System
NES
1984
1985
Wrecking Crew
4%
GameCube2005Dancing Stage Mario Mix
2%
Nintendo 642001Dr. Mario 64
2%
Game Boy Advance2005Dr. Mario and Puzzle League
2%
WiiWare2008Dr. Mario et Bactéricide
2%
Nintendo 3DS2015Dr. Mario: Miracle Cure
2%
IPhone, IPad, Android2019Dr. Mario World
2%
Satellaview1997Excitebike: Bun Bun Mario Battle Stadium
2%
Wii2012Fortune Street
2%
Famicom Disk System1986I am a Teacher
Super Mario Sweater
2%
Nintendo DS2007Itadaki Street DS
2%
Famicom Disk System1988Kaettekita Mario Bros.
2%
MS-DOS, Macintosh, NES, Super Nintendo1993Mario a disparu !
2%
Super Famicom1993Mario & Wario
2%
Nintendo 3DS2013Mario and Donkey Kong: Minis on the Move
2%
Nintendo 64DD1999Mario Artist
2%
Virtual Boy1995Mario Clash
2%
MS-DOS, Super Nintendo
NES
1993
1994
Mario et la Machine
à remonter le temps
2%
Game Boy Color2001Mario Family
2%
Game Boy Advance2004Mario Golf: Advance Tour
2%
Arcade2007Mario Kart Arcade GP 2
2%
Arcade2013Mario Kart Arcade GP DX
2%
Arcade2017Mario Kart Arcade GP VR
2%
Nintendo 641998Mario no Photopi
2%
Arcade2016Mario Party Fushigi no Challenge World
2%
Arcade2009Mario Party Fushigi no Korokoro Catcher
2%
Game and Watch1983Mario's Bombs Away
2%
Game and Watch1983Mario's Cement Factory
2%
Super Nintendo1993Mario's Early Years
2%
PC, Mac1995Mario's Game Gallery
2%
Game Boy1995Mario's Picross
2%
Super Nintendo1995Mario's Super Picross
2%
MS-DOS1992Mario Teaches Typing
2%
PC1996Mario Teaches Typing 2
2%
Game and Watch1991Mario the Juggler
2%
Arcade1993Mario Unkurukai
2%
Nintendo DS2006Mario vs. Donkey Kong 2 : La Marche des Mini
2%
Nintendo DSi2009Mario vs. Donkey Kong : Le Retour des Mini !
2%
Nintendo DS2011Mario vs. Donkey Kong : Pagaille à Mini-Land !
2%
Nintendo 3DS, Wii U2015Mario vs. Donkey Kong: Tipping Stars
2%
Nintendo 3DS, Wii U2016Mini-Mario & Friends: Amiibo Challenge
2%
Famicom, NES1991NES Open Tournament Golf
2%
Arcade2011New Super Mario Bros. Wii Coin World
2%
Game Boy1996Picross 2
2%
Nintendo 3DS2015Puzzle & Dragons: Super Mario Bros. Edition
2%
MS-DOS1992Super Mario Bros.
and Friends: When I Grow Up
2%
Sharp X1, PC-881986Super Mario Bros. Special
2%
Arcade2004Super Mario Fushigi no Korokoro Party
2%
Arcade2005Super Mario Fushigi no Korokoro Party 2
2%
Wii2008Super Mario Stadium Baseball
2%
Super Famicom1995Undake30 Same Game
2%
DSiWare2008Une pause avec... Dr. Mario
2%
Game Boy1994Wario Land: Super Mario Land 3
2%
Super Famicom1998Wrecking Crew '98
2%
Super Nintendo1992Yoshi's Cookie
2%
Nintendo DS2006Yoshi's Island DS
2%
Nintendo 3DS2014Yoshi's New Island
2%
Super Nintendo1993Yoshi's Safari
2%

Distribution des résultats

Percentile par nombre de réponses

% des personnes avec chaque résultat

Votre développement - résultats

Vous n’avez pas pris ce quiz